[Event "Reykjavik Congress"]
[Site "Reykjavik"]
[Date "2019.01.06"]
[Round "1"]
[White "Omarsson, Dadi"]
[Black "Briem, Hedinn Sveinn Baldu"]
[Result "1-0"]
[WhiteElo "2252"]
[BlackElo "1617"]
[PlyCount "57"]
[EventDate "2019.01.06"]
[EventType "swiss"]
[EventRounds "9"]
[EventCountry "ISL"]
[SourceTitle "CBM 188 Extra"]
[Source "ChessBase"]
[SourceDate "2019.02.26"]
[SourceVersion "1"]
[SourceVersionDate "2019.02.26"]
[SourceQuality "1"]

1. e4 d6 2. d4 Nf6 3. Nc3 g6 4. f4 Bg7 5. Nf3 0-0 6. Bd3 c6 7. 0-0 b5 8. e5 dxe5 9. fxe5 Nd5 10. Qe1 Na6 11. Nxd5 Qxd5 12. a4 Rb8 13. axb5 cxb5 14. Qh4 Qd7 15. Ng5 h6 16. Nf3 h5 17. Bg5 e6 18. Be7 Re8 19. Bd6 Rb6 20. Ng5 Rxd6 21. exd6 f5 22. c3 Nb8 23. Nf3 Kh7 24. h3 a6 25. g4 Qxd6 26. gxh5 Bh6 27. hxg6+ Kxg6 28. Rf2 Be3 29. Ne5+ 1-0

[Event "ISL-chT2 1819"]
[Site "Reykjavik"]
[Date "2018.11.10"]
[Round "3.1"]
[White "Thorhallsson, Simon"]
[Black "Omarsson, Dadi"]
[Result "1/2-1/2"]
[WhiteElo "2111"]
[BlackElo "2256"]
[PlyCount "26"]
[EventDate "2018.11.09"]
[EventType "team-tourn"]
[EventRounds "7"]
[EventCountry "ISL"]
[SourceTitle "CBM 187 Extra"]
[Source "ChessBase"]
[SourceDate "2018.11.04"]
[SourceVersion "1"]
[SourceVersionDate "2018.11.04"]
[SourceQuality "1"]
[WhiteTeam "Skakfelag Akureyrar II"]
[BlackTeam "Hrokar alls Fagnadar"]
[WhiteTeamCountry "ISL"]
[BlackTeamCountry "ISL"]

1. d4 Nf6 2. c4 g6 3. Nc3 Bg7 4. e4 d6 5. f3 0-0 6. Be3 c5 7. dxc5 dxc5 8. Qxd8 Rxd8 9. Bxc5 Nc6 10. Nge2 Nd7 11. Be3 Nde5 12. Nf4 e6 13. Be2 Na5 1/2-1/2

[Event "ISL-chT2 1819"]
[Site "Reykjavik"]
[Date "2018.11.09"]
[Round "1.1"]
[White "Sigurjonsson, Siguringi"]
[Black "Omarsson, Dadi"]
[Result "0-1"]
[WhiteElo "2071"]
[BlackElo "2256"]
[PlyCount "56"]
[EventDate "2018.11.09"]
[EventType "team-tourn"]
[EventRounds "7"]
[EventCountry "ISL"]
[SourceTitle "CBM 187 Extra"]
[Source "ChessBase"]
[SourceDate "2018.11.04"]
[SourceVersion "1"]
[SourceVersionDate "2018.11.04"]
[SourceQuality "1"]
[WhiteTeam "Breidjablik Bolungavik II"]
[BlackTeam "Hrokar alls Fagnadar"]
[WhiteTeamCountry "ISL"]
[BlackTeamCountry "ISL"]

1. Nf3 Nf6 2. c4 c5 3. Nc3 e6 4. g3 b6 5. Bg2 Bb7 6. 0-0 a6 7. e3 d6 8. b3 Be7 9. d4 Qc7 10. Qd2 0-0 11. Bb2 Nbd7 12. Rfd1 Rfe8 13. Rac1 Bf8 14. h3 h6 15. g4 Ne4 16. Nxe4 Bxe4 17. g5 Qb7 18. d5 exd5 19. gxh6 d4 20. exd4 Bxf3 21. Rc3 Bxg2 22. Rg3 Be4 23. hxg7 Be7 24. Qh6 Bh7 25. Re3 Bf6 26. Rde1 Rxe3 27. Rxe3 cxd4 28. Rg3 Re8 0-1

[Event "ISL-chT 1718"]
[Site "Reykjavik"]
[Date "2018.03.01"]
[Round "6.2"]
[White "Omarsson, Dadi"]
[Black "Jensson, Einar Hjalti"]
[Result "0-1"]
[WhiteElo "2266"]
[BlackElo "2323"]
[PlyCount "32"]
[EventDate "2017.10.19"]
[EventType "team-tourn"]
[EventRounds "9"]
[EventCountry "ISL"]
[SourceTitle "EXT 2019"]
[Source "ChessBase"]
[SourceDate "2018.10.10"]
[SourceVersion "1"]
[SourceVersionDate "2018.10.10"]
[SourceQuality "1"]
[WhiteTeam "Reykjavik Taflfelag"]
[BlackTeam "Huginn"]
[WhiteTeamCountry "ISL"]
[BlackTeamCountry "ISL"]

1. e4 e5 2. Nf3 Nc6 3. Bb5 Nf6 4. d3 Bc5 5. c3 d5 6. Nxe5 0-0 7. Nxc6 bxc6 8. Bxc6 Bxf2+ 9. Kxf2 Ng4+ 10. Kf1 Qf6+ 11. Qf3 Qxc6 12. exd5 Qg6 13. h3 Ne5 14. Qe4 Nxd3 15. Nd2 Qg3 16. Qe2 Bg4 0-1

[Event "ISL-chT 1718"]
[Site "Reykjavik"]
[Date "2017.10.19"]
[Round "1.4"]
[White "Halldorsson, Halldor Brynjar"]
[Black "Omarsson, Dadi"]
[Result "1/2-1/2"]
[WhiteElo "2253"]
[BlackElo "2252"]
[PlyCount "115"]
[EventDate "2017.10.19"]
[EventType "team-tourn"]
[EventRounds "9"]
[EventCountry "ISL"]
[SourceTitle "CBM 181 Extra"]
[Source "ChessBase"]
[SourceDate "2017.12.12"]
[SourceVersion "1"]
[SourceVersionDate "2017.12.12"]
[SourceQuality "1"]
[WhiteTeam "Akureyri"]
[BlackTeam "Reykjavik Taflfelag"]
[WhiteTeamCountry "ISL"]
[BlackTeamCountry "ISL"]

1. e4 c5 2. Nf3 e6 3. d4 cxd4 4. Nxd4 a6 5. Bd3 Bc5 6. Nb3 Be7 7. 0-0 Qc7 8. f4 d6 9. Qe2 Nd7 10. c4 Ngf6 11. Nc3 0-0 12. Bd2 Rd8 13. Rae1 b6 14. Rf3 Bb7 15. Rh3 g6 16. e5 Ne8 17. Nd5 exd5 18. e6 Nf8 19. exf7+ Kxf7 20. f5 Bf6 21. Qg4 Kg8 22. Bh6 Ng7 23. Rf1 Bc8 24. cxd5 Re8 25. Rhf3 Re5 26. Nd4 Rxd5 27. Be3 g5 28. Be4 Rxd4 29. Bxd4 Bxd4+ 30. Kh1 Bf6 31. Bxa8 h5 32. Qe4 Nd7 33. Bd5+ Kh7 34. Rc3 Qd8 35. Rc2 Nc5 36. Qe2 a5 37. Bf7 Ba6 38. Bc4 Bxc4 39. Qxc4 d5 40. Qe2 d4 41. Rd2 Qd5 42. b3 Kh6 43. Rf3 g4 44. Rf4 Kg5 45. Qf1 Ne4 46. Re2 Nc3 47. Rd2 h4 48. Qc1 Qc5 49. Rdxd4 Bxd4 50. Rxd4+ Kh5 51. Rc4 Qd5 52. Rxc3 h3 53. Qf1 Nxf5 54. Kg1 Qd4+ 55. Qf2 Qd1+ 56. Qf1 Qd4+ 57. Qf2 Qd1+ 58. Qf1 1/2-1/2

[Event "ISL-chT 1617"]
[Site "Reykjavik"]
[Date "2017.03.04"]
[Round "9.1"]
[White "Omarsson, Dadi"]
[Black "Jensson, Einar Hjalti"]
[Result "1/2-1/2"]
[WhiteElo "2273"]
[BlackElo "2378"]
[PlyCount "22"]
[EventDate "2016.09.29"]
[EventType "team-tourn"]
[EventRounds "9"]
[EventCountry "ISL"]
[SourceTitle "EXT 2018"]
[Source "ChessBase"]
[SourceDate "2017.10.13"]
[SourceVersion "1"]
[SourceVersionDate "2017.10.13"]
[SourceQuality "1"]
[WhiteTeam "Reykjavik II"]
[BlackTeam "Huginn"]
[WhiteTeamCountry "ISL"]
[BlackTeamCountry "ISL"]

1. e4 e5 2. Nf3 Nc6 3. Bb5 Nf6 4. 0-0 Nxe4 5. Re1 Nd6 6. Nxe5 Be7 7. Bf1 Nxe5 8. Rxe5 0-0 9. Nc3 Bf6 10. Re1 Re8 11. Nd5 Rxe1 1/2-1/2

[Event "ISL-chT 1617"]
[Site "Reykjavik"]
[Date "2016.09.30"]
[Round "2.2"]
[White "Thorfinnsson, Bjorn"]
[Black "Omarsson, Dadi"]
[Result "1-0"]
[WhiteElo "2398"]
[BlackElo "2273"]
[PlyCount "75"]
[EventDate "2016.09.29"]
[EventType "team-tourn"]
[EventRounds "9"]
[EventCountry "ISL"]
[SourceTitle "EXT 2018"]
[Source "ChessBase"]
[SourceDate "2017.10.13"]
[SourceVersion "1"]
[SourceVersionDate "2017.10.13"]
[SourceQuality "1"]
[WhiteTeam "Reykjavik"]
[BlackTeam "Reykjavik II"]
[WhiteTeamCountry "ISL"]
[BlackTeamCountry "ISL"]

1. b3 d5 2. Bb2 Nf6 3. e3 Bg4 4. Be2 Bxe2 5. Qxe2 c6 6. f4 g6 7. c4 Bg7 8. Nf3 0-0 9. 0-0 Nbd7 10. d3 Nc5 11. b4 Na4 12. Be5 a5 13. a3 axb4 14. axb4 Qb6 15. Qe1 dxc4 16. dxc4 Ng4 17. Bxg7 Kxg7 18. Ra3 Kg8 19. c5 Qb5 20. Nd4 Qc4 21. Qd1 Nxe3 22. Rxe3 Rfd8 23. Re4 f5 24. Nxc6 Rxd1 25. Nxe7+ Kf7 26. Rxc4 Rxf1+ 27. Kxf1 Kxe7 28. Rc2 Rd8 29. Re2+ Kf7 30. Ra2 b5 31. Rd2 Rxd2 32. Nxd2 Ke6 33. Nb1 Kd5 34. Na3 Nc3 35. Ke1 h6 36. Kd2 Ne4+ 37. Kd3 Kc6 38. Nc2 1-0

[Event "ISL-chT 1314"]
[Site "Reykjavik"]
[Date "2013.10.13"]
[Round "5.2"]
[White "Omarsson, Dadi"]
[Black "Jensson, Einar Hjalti"]
[Result "1/2-1/2"]
[WhiteElo "2246"]
[BlackElo "2305"]
[PlyCount "40"]
[EventDate "2013.10.10"]
[EventType "team-tourn"]
[EventRounds "9"]
[EventCountry "ISL"]
[SourceTitle "EXT 2014"]
[Source "ChessBase"]
[SourceDate "2013.11.20"]
[SourceVersion "1"]
[SourceVersionDate "2013.11.20"]
[SourceQuality "1"]
[WhiteTeam "Reykjavik"]
[BlackTeam "Hellir"]
[WhiteTeamCountry "ISL"]
[BlackTeamCountry "ISL"]

1. e4 g6 2. d4 Bg7 3. Nc3 c6 4. h3 b5 5. a3 d6 6. Be3 a6 7. f4 Nd7 8. Nf3 Bb7 9. Be2 Ngf6 10. e5 Nd5 11. Nxd5 cxd5 12. 0-0 Nb6 13. b3 Qc7 14. Bd3 e6 15. Qe1 0-0 16. Qh4 Qd8 17. Qg3 Bc6 18. h4 h5 19. Ng5 Bd7 20. Qh2 f6 1/2-1/2

[Event "Reykjavik op"]
[Site "Reykjavik"]
[Date "2013.02.25"]
[Round "8"]
[White "Omarsson, Dadi"]
[Black "Kashlinskaya, Alina"]
[Result "1/2-1/2"]
[WhiteElo "2212"]
[BlackElo "2350"]
[PlyCount "73"]
[EventDate "2013.02.19"]
[EventType "swiss"]
[EventRounds "10"]
[EventCountry "ISL"]
[SourceTitle "CBM 153 Extra"]
[Source "ChessBase"]
[SourceDate "2013.04.22"]
[SourceVersion "1"]
[SourceVersionDate "2013.04.22"]
[SourceQuality "1"]

1. e4 e5 2. Nf3 Nc6 3. Bc4 Nf6 4. Ng5 d5 5. exd5 Na5 6. Bb5+ c6 7. dxc6 bxc6 8. Bd3 Nd5 9. Nf3 Bd6 10. 0-0 Nf4 11. Re1 Nxd3 12. cxd3 0-0 13. Nc3 Bg4 14. h3 Bh5 15. Ne4 Nb7 16. b3 f5 17. Nxd6 Qxd6 18. Bb2 Rae8 19. Qe2 Qd5 20. Bxe5 Rf6 21. d4 Rg6 22. Kh2 Nd6 23. Rac1 Nf7 24. Rc5 Qd7 25. Qc4 Bxf3 26. gxf3 f4 27. Rg1 Rxg1 28. Kxg1 Qxh3 29. Rxc6 Qxf3 30. Rc7 Qg4+ 31. Kf1 Qd1+ 32. Kg2 Qg4+ 33. Kf1 Qh5 34. Ke1 Qh1+ 35. Ke2 Qe4+ 36. Kd1 Qb1+ 37. Ke2 1/2-1/2

[Event "Reykjavik op"]
[Site "Reykjavik"]
[Date "2013.02.20"]
[Round "3"]
[White "Kristjansson, Stefan"]
[Black "Omarsson, Dadi"]
[Result "1-0"]
[WhiteElo "2486"]
[BlackElo "2212"]
[PlyCount "51"]
[EventDate "2013.02.19"]
[EventType "swiss"]
[EventRounds "10"]
[EventCountry "ISL"]
[SourceTitle "CBM 153 Extra"]
[Source "ChessBase"]
[SourceDate "2013.04.22"]
[SourceVersion "1"]
[SourceVersionDate "2013.04.22"]
[SourceQuality "1"]

1. e4 c5 2. c3 Nf6 3. e5 Nd5 4. Bc4 e6 5. Nf3 d6 6. d4 cxd4 7. cxd4 Nc6 8. 0-0 Be7 9. Qe2 0-0 10. Qe4 Bd7 11. Re1 Rc8 12. Nbd2 b5 13. Bb3 a6 14. a3 Na5 15. Ba2 Bc6 16. Qg4 Re8 17. Ne4 dxe5 18. dxe5 Nb7 19. Bh6 g6 20. Bg5 Bd7 21. Qh4 h5 22. Bxd5 exd5 23. Nf6+ Bxf6 24. Bxf6 Qb6 25. Qf4 Qc5 26. Qh6 1-0

[Event "ISL-chT 1112"]
[Site "Reykjavik"]
[Date "2011.10.08"]
[Round "3.3"]
[White "Omarsson, Dadi"]
[Black "Karlsson, Bjorn Ivar"]
[Result "0-1"]
[WhiteElo "2215"]
[BlackElo "2231"]
[PlyCount "72"]
[EventDate "2011.10.07"]
[EventType "team-tourn"]
[EventRounds "7"]
[EventCountry "ISL"]
[SourceTitle "EXT 2012"]
[Source "ChessBase"]
[SourceDate "2011.11.24"]
[SourceVersion "1"]
[SourceVersionDate "2011.11.24"]
[SourceQuality "1"]
[WhiteTeam "TR"]
[BlackTeam "TV"]
[WhiteTeamCountry "ISL"]
[BlackTeamCountry "ISL"]

1. e4 g6 2. d4 c6 3. Nc3 d5 4. e5 h5 5. f4 Nh6 6. Nf3 Bg4 7. Be3 e6 8. h3 Bxf3 9. Qxf3 Nf5 10. Bf2 h4 11. Bd3 Be7 12. 0-0 Nd7 13. Ne2 a6 14. b3 c5 15. c4 dxc4 16. Bxc4 b5 17. Bd3 cxd4 18. Nxd4 Nxe5 19. fxe5 Nxd4 20. Qe4 Nf5 21. Rfd1 0-0 22. Bxb5 Qa5 23. Bc4 Bc5 24. Bxc5 Qxc5+ 25. Kh2 a5 26. Rac1 Qf2 27. Rf1 Qg3+ 28. Kg1 Rad8 29. Rf3 Qg5 30. Re1 Rd2 31. Qg4 Qxg4 32. hxg4 Ng3 33. a3 Rfd8 34. g5 R8d4 35. Rc1 Re4 36. Bb5 Rxe5 0-1

[Event "Budapest FS06 IM"]
[Site "Budapest"]
[Date "2011.06.09"]
[Round "6"]
[White "Omarsson, Dadi"]
[Black "Foo, Zhi Rong Benjamin"]
[Result "1-0"]
[WhiteElo "2225"]
[BlackElo "2195"]
[PlyCount "129"]
[EventDate "2011.06.04"]
[EventType "tourn"]
[EventRounds "11"]
[EventCountry "HUN"]
[SourceTitle "CBM 142 Extra"]
[Source "ChessBase"]
[SourceDate "2011.06.27"]
[SourceVersion "1"]
[SourceVersionDate "2011.06.27"]
[SourceQuality "1"]

1. e4 e5 2. Nf3 Nc6 3. Bc4 Nf6 4. d3 Bc5 5. c3 d6 6. Bb3 Bb6 7. h3 Ne7 8. Nbd2 Ng6 9. Nf1 h6 10. Ng3 Be6 11. Bc2 d5 12. exd5 Nxd5 13. 0-0 Qd7 14. Re1 0-0-0 15. Nxe5 Nxe5 16. Rxe5 f5 17. d4 g6 18. Qe2 Rde8 19. Bd2 c6 20. Re1 Bf7 21. Qf3 Rxe5 22. Rxe5 Kb8 23. Re1 Bc7 24. Ne2 Nb6 25. Bf4 Re8 26. b3 h5 27. c4 Qe7 28. Bxc7+ Kxc7 29. Qg3+ Kc8 30. h4 Qa3 31. Bb1 Qb2 32. Qd3 Nd7 33. Kf1 Nf6 34. f3 Kb8 35. Qc2 Qa3 36. Qd2 Qd6 37. Kf2 c5 38. d5 Nd7 39. g3 Kc8 40. Nf4 Rxe1 41. Qxe1 Qf6 42. Nd3 g5 43. hxg5 Qxg5 44. Qc1 Qf6 45. Qb2 Qh6 46. Nf4 Bg6 47. Nxg6 Qxg6 48. Qc2 h4 49. gxh4 Qh5 50. Qxf5 Qxh4+ 51. Kg2 Kc7 52. f4 Qe1 53. Qd3 Qh4 54. Qg3 Qh8 55. Be4 Qb2+ 56. Qf2 Qg7+ 57. Kh2 Qh8+ 58. Kg2 Qg7+ 59. Kf3 Qc3+ 60. Qe3 Qa1 61. a4 Kb6 62. Bf5 Nf8 63. b4 Qf1+ 64. Kg3 Qxc4 65. a5+ 1-0

[Event "Budapest FS06 IM"]
[Site "Budapest"]
[Date "2011.06.04"]
[Round "1"]
[White "Pirisi, Gabor"]
[Black "Omarsson, Dadi"]
[Result "1-0"]
[WhiteElo "2243"]
[BlackElo "2225"]
[PlyCount "81"]
[EventDate "2011.06.04"]
[EventType "tourn"]
[EventRounds "11"]
[EventCountry "HUN"]
[SourceTitle "CBM 142 Extra"]
[Source "ChessBase"]
[SourceDate "2011.06.27"]
[SourceVersion "1"]
[SourceVersionDate "2011.06.27"]
[SourceQuality "1"]

1. c4 Nf6 2. Nc3 c5 3. g3 e6 4. Bg2 d5 5. cxd5 exd5 6. Qb3 c4 7. Qa4+ Bd7 8. Qc2 Bc6 9. d4 cxd3 10. Qxd3 d4 11. Ne4 Bb4+ 12. Kf1 0-0 13. Bg5 Be7 14. Bxf6 Bxf6 15. Rd1 Na6 16. a3 Re8 17. Nxf6+ Qxf6 18. Bxc6 Qxc6 19. Nf3 Rad8 20. Kg2 Nc7 21. Rc1 Qb6 22. Ng5 g6 23. h4 Ne6 24. Qf3 Nxg5 25. hxg5 Qe6 26. Qxb7 Rd7 27. Qb5 Rd5 28. Rc5 Qe4+ 29. Kh2 Rxc5 30. Qxc5 Qxe2 31. Qxd4 Qh5+ 32. Kg2 Qxg5 33. Rd1 Qb5 34. b4 a5 35. Qd5 Qa4 36. bxa5 Qxa3 37. Rd3 Qa1 38. Rf3 Qg7 39. a6 Qf8 40. a7 Rd8 41. Rxf7 1-0

[Event "ISL-chT 1011"]
[Site "Reykjavik"]
[Date "2011.03.05"]
[Round "6.1"]
[White "Omarsson, Dadi"]
[Black "Pelletier, Yannick"]
[Result "0-1"]
[WhiteElo "2172"]
[BlackElo "2593"]
[PlyCount "108"]
[EventDate "2010.10.08"]
[EventType "team-tourn"]
[EventRounds "9"]
[EventCountry "ISL"]
[SourceTitle "EXT 2012"]
[Source "ChessBase"]
[SourceDate "2011.11.24"]
[SourceVersion "1"]
[SourceVersionDate "2011.11.24"]
[SourceQuality "1"]
[WhiteTeam "TR"]
[BlackTeam "TB"]
[WhiteTeamCountry "ISL"]
[BlackTeamCountry "ISL"]

1. e4 d6 2. d4 Nf6 3. Nc3 e5 4. Nf3 Nbd7 5. Bc4 Be7 6. 0-0 0-0 7. a4 c6 8. Re1 a5 9. h3 Nb6 10. Ba2 Nfd7 11. Be3 exd4 12. Qxd4 Nc5 13. Rad1 Be6 14. Bxe6 fxe6 15. e5 d5 16. Qg4 Nbd7 17. Qg3 Qe8 18. Rd4 Qh5 19. Rg4 Rf7 20. Ng5 Rf5 21. Nf3 Qf7 22. Bh6 g6 23. Ng5 Bxg5 24. Bxg5 Qg7 25. f4 Rb8 26. Rh4 b5 27. axb5 cxb5 28. Qe3 Qf8 29. g4 Rxg5 30. fxg5 Qe7 31. Rh6 b4 32. Ne2 Ne4 33. h4 Nxe5 34. Ng3 Nxg4 35. Qf4 Qa7+ 36. Kg2 Nxh6 37. Nxe4 dxe4 38. gxh6 Rf8 39. Qxe4 Qf2+ 40. Kh1 Re8 41. Re2 Qf5 42. Qxf5 gxf5 43. Re5 Ra8 44. Rxe6 a4 45. Re1 a3 46. bxa3 bxa3 47. Ra1 a2 48. Kg2 Kf7 49. Kf3 Ke6 50. Kf4 Ra4+ 51. Kg5 Ke5 52. c4 f4 53. Kg4 Ke4 54. c5 Kd5 0-1

[Event "ISL-chT 1011"]
[Site "Reykjavik"]
[Date "2010.10.09"]
[Round "2.3"]
[White "Gudmundsson, Stefan Freyr"]
[Black "Omarsson, Dadi"]
[Result "0-1"]
[WhiteElo "2114"]
[BlackElo "2172"]
[PlyCount "60"]
[EventDate "2010.10.08"]
[EventType "team-tourn"]
[EventRounds "9"]
[EventCountry "ISL"]
[SourceTitle "EXT 2012"]
[Source "ChessBase"]
[SourceDate "2011.11.24"]
[SourceVersion "1"]
[SourceVersionDate "2011.11.24"]
[SourceQuality "1"]
[WhiteTeam "Haukar"]
[BlackTeam "TR"]
[WhiteTeamCountry "ISL"]
[BlackTeamCountry "ISL"]

1. e4 c5 2. Nc3 Nc6 3. g3 g6 4. Bg2 Bg7 5. d3 d6 6. Be3 e5 7. Qd2 Nge7 8. Bh6 0-0 9. Bxg7 Kxg7 10. f4 f6 11. Nf3 Be6 12. 0-0 Qd7 13. Rae1 Nd4 14. Nd1 a5 15. c3 Nxf3+ 16. Rxf3 Bxa2 17. d4 Qc7 18. d5 Bb3 19. Ne3 c4 20. Ref1 Ng8 21. Bh3 b5 22. Be6 Nh6 23. fxe5 fxe5 24. Ng4 Nxg4 25. Bxg4 Qe7 26. Qe3 Rxf3 27. Rxf3 Qa7 28. Kf1 Qxe3 29. Rxe3 b4 30. Ke1 Rf8 0-1

[Event "Budapest FS08 IM-B"]
[Site "Budapest"]
[Date "2010.08.14"]
[Round "8"]
[White "Martynov, Pavel1111"]
[Black "Omarsson, Dadi"]
[Result "1/2-1/2"]
[WhiteElo "2190"]
[BlackElo "2150"]
[PlyCount "73"]
[EventDate "2010.08.07"]
[EventType "tourn"]
[EventRounds "9"]
[EventCountry "HUN"]
[EventCategory "1"]
[SourceTitle "CBM 137 Extra"]
[Source "ChessBase"]
[SourceDate "2010.09.01"]
[SourceVersion "1"]
[SourceVersionDate "2010.09.01"]
[SourceQuality "1"]

1. Nf3 Nf6 2. g3 g6 3. Bg2 Bg7 4. 0-0 0-0 5. c4 d6 6. d4 Nc6 7. Nc3 a6 8. b3 Rb8 9. Nd5 e6 10. Nxf6+ Qxf6 11. Bg5 Qf5 12. Qd2 Nxd4 13. Nxd4 Bxd4 14. Qxd4 Qxg5 15. Qa7 Bd7 16. Bxb7 a5 17. Bf3 Qc5 18. Qxc5 dxc5 19. Rfd1 Rfd8 20. Kf1 Kf8 21. e3 Ke7 22. g4 g5 23. Ke2 Be8 24. Rh1 Rd6 25. h4 h6 26. hxg5 hxg5 27. Rh5 Kf6 28. Be4 a4 29. Rh8 Rbd8 30. bxa4 Rd2+ 31. Ke1 Bxa4 32. Rxd8 Rxd8 33. Rb1 Ke5 34. Bf3 Rd6 35. Bd1 Ra6 36. Be2 Rb6 37. Bd3 1/2-1/2

[Event "Budapest FS08 IM-B"]
[Site "Budapest"]
[Date "2010.08.12"]
[Round "6"]
[White "Omarsson, Dadi"]
[Black "Szalanczy, Emil"]
[Result "1-0"]
[WhiteElo "2150"]
[BlackElo "2272"]
[PlyCount "89"]
[EventDate "2010.08.07"]
[EventType "tourn"]
[EventRounds "9"]
[EventCountry "HUN"]
[EventCategory "1"]
[SourceTitle "CBM 137 Extra"]
[Source "ChessBase"]
[SourceDate "2010.09.01"]
[SourceVersion "1"]
[SourceVersionDate "2010.09.01"]
[SourceQuality "1"]

1. e4 c5 2. Nf3 d6 3. d4 cxd4 4. Nxd4 Nf6 5. Nc3 g6 6. Be3 Bg7 7. f3 Nc6 8. Qd2 0-0 9. Bc4 Bd7 10. Bb3 Rc8 11. 0-0-0 Ne5 12. Kb1 Nc4 13. Bxc4 Rxc4 14. g4 Qb8 15. h4 h5 16. g5 Ne8 17. b3 Rc5 18. Nde2 Bc6 19. Bxc5 dxc5 20. Qe3 b6 21. Rhf1 Nd6 22. f4 Qb7 23. f5 Be5 24. fxg6 fxg6 25. Rxf8+ Kxf8 26. Nd5 Be8 27. Ng1 Bf7 28. Nf3 Bg7 29. Qf4 Kg8 30. Nxe7+ Qxe7 31. Rxd6 c4 32. e5 cxb3 33. axb3 Be6 34. Nd4 Bg4 35. Rxg6 Kh7 36. Rf6 Qb4 37. Qe4+ Kg8 38. Rg6 a5 39. e6 Qe7 40. Nf5 Bxf5 41. Qxf5 Kh7 42. Rf6+ Kg8 43. Rf7 Qb4 44. Rxg7+ Kxg7 45. Qf7+ 1-0

[Event "Budapest FS08 IM-B"]
[Site "Budapest"]
[Date "2010.08.09"]
[Round "3"]
[White "Maryasin, Boris Feliksovich"]
[Black "Omarsson, Dadi"]
[Result "1-0"]
[WhiteElo "2339"]
[BlackElo "2150"]
[PlyCount "63"]
[EventDate "2010.08.07"]
[EventType "tourn"]
[EventRounds "9"]
[EventCountry "HUN"]
[EventCategory "1"]
[SourceTitle "CBM 137 Extra"]
[Source "ChessBase"]
[SourceDate "2010.09.01"]
[SourceVersion "1"]
[SourceVersionDate "2010.09.01"]
[SourceQuality "1"]

1. Nf3 Nf6 2. c4 c5 3. g3 b6 4. Bg2 Bb7 5. 0-0 e6 6. Nc3 Be7 7. d4 cxd4 8. Qxd4 d6 9. b3 Nbd7 10. Bb2 a6 11. Rfd1 0-0 12. Rac1 Qc7 13. h3 Rac8 14. g4 h6 15. Qe3 Rfe8 16. g5 hxg5 17. Qxg5 Qc5 18. Qxc5 Nxc5 19. Nd4 Bxg2 20. Kxg2 Rc7 21. b4 Ncd7 22. b5 Rxc4 23. bxa6 Ra8 24. Ncb5 Rxc1 25. Rxc1 Rxa6 26. Rc8+ Bf8 27. a3 d5 28. Nc6 Ra4 29. Rd8 e5 30. Nxe5 Nxe5 31. Bxe5 Ne4 32. Nc3 1-0